introduction to geographic information systems (Record no. 613921)
[ view plain ]
| 000 -LEADER | |
|---|---|
| fixed length control field | 00386nam a22001337a 4500 |
| 020 ## - INTERNATIONAL STANDARD BOOK NUMBER | |
| International Standard Book Number | 13:978-007-125920-0 |
| 082 ## - DEWEY DECIMAL CLASSIFICATION NUMBER | |
| Classification number | 910.285 |
| Author Mark | CHA |
| 100 ## - MAIN ENTRY--PERSONAL NAME | |
| Personal name | tsungchang,kang. |
| 9 (RLIN) | 129230 |
| 245 ## - TITLE STATEMENT | |
| Title | introduction to geographic information systems |
| Statement of responsibility, etc. | kang-tsungchang |
| 260 ## - PUBLICATION, DISTRIBUTION, ETC. | |
| Place of publication, distribution, etc. | new york |
| Name of publisher, distributor, etc. | mcGraw-Hill |
| Date of publication, distribution, etc. | 2008 |
| 300 ## - PHYSICAL DESCRIPTION | |
| Other physical details | ill:diagrams,map. |
| Dimensions | 23cm |
| 590 ## - LOCAL NOTE (RLIN) | |
| Linkage (RLIN) | .. |
| 942 ## - ADDED ENTRY ELEMENTS (KOHA) | |
| Source of classification or shelving scheme | |
| Koha item type | Book |
| Edition | fourth Edition |
| Withdrawn status | Lost status | Source of classification or shelving scheme | Damaged status | Not for loan | Permanent Location | Current Location | Date acquired | Total Checkouts | Full call number | Barcode | Date last seen | Price effective from | Koha item type |
|---|---|---|---|---|---|---|---|---|---|---|---|---|---|
| School of Civil and Environmental Engineering (SCEE) | School of Civil and Environmental Engineering (SCEE) | 06/26/2025 | 910.285 CHA | 15007 | 06/26/2025 | 06/26/2025 | Book |
